Ciencias Sociales en América Latina y el Caribe 2001-2001
Uloženo v:
| Korporativní autor: | |
|---|---|
| Médium: | Text |
| Vydáno: |
Buenos Aires:
CENEDIC. CLACSO
|
| Tagy: |
Přidat tag
Žádné tagy, Buďte první, kdo vytvoří štítek k tomuto záznamu!
|
MARC
| LEADER | 00000 a a2200000 04500 | ||
|---|---|---|---|
| 001 | 29846 | ||
| 003 | |||
| 040 | |||
| 020 | |a 950-9231-82-7 | ||
| 090 | |a 194110 |b RECURSO ELECTRONICO | ||
| 110 | |a CLACSO | ||
| 245 | |a Ciencias Sociales en América Latina y el Caribe 2001-2001 | ||
| 260 | |a Buenos Aires: |b CENEDIC. CLACSO | ||
| 500 | |a También impreso No. de acceso 18820Debe ser instaladoTambién impreso No. de acceso 18820Debe ser instalado | ||
| 999 | |c 15667 |d 15667 | ||



